Δομές πρόληψης για την αντιμετώπιση της κοινωνικής ευπάθειας στην Κύπρο : πτυχιακή εργασία

Αποθηκεύτηκε σε:
Λεπτομέρειες βιβλιογραφικής εγγραφής
Κύριος συγγραφέας: Πυργούδη, Κωνσταντίνα
Συγγραφή απο Οργανισμό/Αρχή: Πανεπιστήμιο Αιγαίου Σχολή Κοινωνικών Επιστημών Τμήμα Κοινωνιολογίας
Άλλοι συγγραφείς: Ναγόπουλος, Νίκος (Εισηγητής διατριβής)
Μορφή: Thesis Βιβλίο
Γλώσσα:Greek
Δημοσίευση: Μυτιλήνη : Πανεπιστήμιο Αιγαίου, Τμήμα Κοινωνιολογίας, 2004
Θέματα:
Διαθέσιμο Online:http://hdl.handle.net/11610/7908
Ετικέτες: Προσθήκη ετικέτας
Δεν υπάρχουν, Καταχωρήστε ετικέτα πρώτοι!

MARC

LEADER 00000cam a2200000 i 4500
001 1/84417
008 050830s2004 gre d
035 |l 10080015 
040 |a GR-MY-UA  |b gre  |e aacr 
041 0 |a gre 
082 0 |a 362.29  |2 (22) 
100 1 |a Πυργούδη, Κωνσταντίνα. 
245 1 0 |a Δομές πρόληψης για την αντιμετώπιση της κοινωνικής ευπάθειας στην Κύπρο :  |b πτυχιακή εργασία /  |c Κωνσταντίνα Πυργούδη ; υπεύθυνος καθηγητής Νίκος Ναγόπουλος 
260 |a Μυτιλήνη :   |b Πανεπιστήμιο Αιγαίου, Τμήμα Κοινωνιολογίας,   |c 2004 
300 |a 61 σ.;  |c 30 εκ. 
502 |a Πτυχιακή εργασία – Πανεπιστήμιο Αιγαίου, Λέσβος, 2004. 
504 |a Βιβλιογραφία: σ. 60-61 
650 0 0 |a Drug addiction  |z Cyprus. 
650 0 0 |a Drug addicts  |z Cyprus. 
650 0 0 |a Drug abuse  |x Social aspects. 
650 0 0 |a Drug abuse  |x Prevention  |z Cyprus. 
650 0 0 |a Drug abuse counseling. 
650 0 0 |a Substance abuse treatment facilities. 
650 0 0 |a Dissertations, Academic  |z Greece. 
700 1 |4 ths  |a Ναγόπουλος, Νίκος. 
710 2 |a Πανεπιστήμιο Αιγαίου  |b Σχολή Κοινωνικών Επιστημών  |b Τμήμα Κοινωνιολογίας. 
852 |a INST  |b LESVOS  |c DIATR  |e 20050830  |h 81  |p 005100031168  |q 005100031168  |t DIE  |y 23 
852 |a INST  |b LESVOS  |c DIATR  |e 20050830  |h 82  |p 005100031167  |q 005100031167  |t DIE  |y 23 
856 |u http://hdl.handle.net/11610/7908 
901 |a BIBL1-2005-2 
909 |a Λ  |b 115176 
909 |a Λ  |b 115177 
924 |a ΠΥΡΓΟΥΔΗ  |b ΚΩΝΣΤΑΝΤΙΝΑ  |y ΛΕΣΒΟΣ  |z 2004-10 
970 |a ΜΑΡΙΝΑΤΟΥ  |b ΜΥΡΣΙΝΗ  |z 2005/08/30